Afryka Wschodnia - Quiz na mapie - Statystyki

Ogólne statystyki
  • Ten quiz został rozwiązany 44 razy
  • Średni wynik to 13 z 20
Odpowiedzi na mapie
Odpowiedzi zakodowano w zielono-czerwonej skali na mapie do tego quizu, zgodnie z poniższymi procentami.
 
Statystyki odpowiedzi
Odpowiedź % Poprawnych
Madagaskar
91%
Etiopia
88%
Somalia
81%
Kenia
78%
Dżibuti
75%
Rwanda
72%
Sudan Południowy
72%
Erytrea
69%
Uganda
69%
Malawi
66%
Tanzania
66%
Zimbabwe
66%
Komory
63%
Mozambik
63%
Burundi
59%
Seszele
59%
Zambia
59%
Reunion (Francja)
50%
Mauritius
47%
Mayotta (Francja)
47%
Nie znaleziono quizów pasujących do podanych kryteriów
Rozkład punktacji
Procent ludzi z każdym wynikiem
Percentyl według liczby udzielonych odpowiedzi
Twoja historia wyników
Nie rozwiązałeś tego quizu